000 00766nam a2200217 i 4500
001 113002
003 ES-MaACL
005 20250613061428.0
007 t|
008 160927s1822 sp |||| | spa d
110 2 _aAteneo Español
_9145825
245 1 0 _aReglamento para el gobierno interior del Ateneo Español.
260 _aMadrid :
_b[s.n.],
_c1822 (
_fImp. de D. Miguel de Burgos)
300 _a32 p. ;
_c31 cm.
530 _aDisponible en formato digital.
610 2 4 _aAteneo Español-
_vReglamentos.
_9160980
852 4 _aES-MaACL
_j2334-F-2
_zRevisado enlace: 05 de Mayo de 2025
_cDEPOF
_q Ejemplar fotocopiado
856 4 _uhttps://archive.org/details/A10904503/page/n10
_yInternet Archive
942 _2udc
999 _c113002
_d113002